| Tag |
First Indicator |
Second Indicator |
Subfields |
| LEADER |
00000cam a2200000 4500 |
| 001 |
in00000061097 |
| 005 |
20151008051624.0 |
| 008 |
740319s1965 mdu b 00000 eng u |
| 010 |
|
|
|a 65009041
|
| 035 |
|
|
|a (OCoLC)00834103
|
| 035 |
|
|
|9 AAG9021AM
|
| 040 |
|
|
|c BUF
|d TXA
|d UtOrBLW
|
| 049 |
|
|
|a TXAM
|c [469530]
|
| 050 |
0 |
0 |
|a U21.5
|b .C6
|
| 092 |
|
|
|a 355.3
|b C652m
|
| 100 |
1 |
|
|a Coates, Charles Hunter,
|d 1903-
|
| 245 |
1 |
0 |
|a Military sociology ;
|b a study of American military institutions and military life /
|c by Charles H. Coates and Roland J. Pellegrin. With contributions by Norman A. Hilmar.
|
| 264 |
|
2 |
|a University Park, Md. :
|b Social Science Press; distributed by Maryland Book Exchange, College Park, Md.,
|c [1965]
|
| 300 |
|
|
|a x, 424 pages :
|b illustrations ;
|c 21 cm.
|
| 336 |
|
|
|a text
|b txt
|2 rdacontent
|
| 337 |
|
|
|a unmediated
|b n
|2 rdamedia
|
| 338 |
|
|
|a volume
|b nc
|2 rdacarrier
|
| 504 |
|
|
|a Includes bibliographies.
|
| 650 |
|
0 |
|a Sociology, Military.
|
| 700 |
1 |
|
|a Pellegrin, Roland J.
|
| 999 |
|
|
|a MARS
|
| 999 |
f |
f |
|s 287eddfd-ae0b-3f35-a318-a406f675e6f2
|i 6dda2514-ec66-3537-95af-80b9109a53a5
|t 0
|
| 952 |
f |
f |
|p ric
|a Texas A&M University
|b Rellis Campus
|c Joint Library Facility
|d Remote Storage
|t 0
|e U21.5 .C6
|h Library of Congress classification
|i unmediated -- volume
|m A14800804809
|
| 998 |
f |
f |
|a U21.5 .C6
|t 0
|l Remote Storage
|